Derek Jarmans Caravaggio : the complete film script and commentaries /

সংরক্ষণ করুন:
গ্রন্থ-পঞ্জীর বিবরন
প্রধান লেখক: Jarman, Derek (লেখক)
অন্যান্য লেখক: Incandela, Gerald
বিন্যাস: গ্রন্থ
ভাষা:ইংরেজি
প্রকাশিত: London : Thames and Hudson, c1986
ট্যাগগুলো: ট্যাগ যুক্ত করুন
কোনো ট্যাগ নেই, প্রথমজন হিসাবে ট্যাগ করুন!

MARC

LEADER 00000nam a22000007i 4500
001 IT\ICCU\UBO\2271239
003 ItRI
005 20260115231818.0
008 030819s1986 xxk|||||| ||||| |||||c
020 |a 0500274193 
040 |b ita  |c importazione bologna sebina 
041 7 |a eng  |2 ISO-639-2 
100 1 |a Jarman, Derek  |0 IT\ICCU\LO1V\087465  |4 aut 
245 1 0 |a Derek Jarmans Caravaggio :  |b the complete film script and commentaries /  |c by Derek Jarman ; photographs by Gerald Incandela. 
260 |a London :  |b Thames and Hudson,  |c c1986 
300 |a 133 p. :  |b in gran parte ill. ;  |c 27 cm 
500 |a Published on the occasion of the release of the British Film Institutes production of Caravaggio. 
700 1 |a Incandela, Gerald  |0 IT\ICCU\UBOV\821504 
942 |2 ddc  |c BK  |n 0 
952 |0 0  |1 0  |4 0  |6 DOC_791_430000000000000_INC  |7 0  |9 13282  |a BO  |b BO  |d 2026-01-15  |i 2496  |l 0  |o DOC 791.430 INC  |p BO2496  |r 2026-01-15 23:18:18  |w 2026-01-15  |x [Sebina 7] [1 v.]  |y BK  |z 1 v. 
999 |c 11403  |d 11403